Paul Apostle of Steel and Velvet (Record no. 17502)

000 -LEADER
fixed length control field 00533nam a2200181 a 4500
001 - CONTROL NUMBER
control field :::00021477$&:&@@
003 - CONTROL NUMBER IDENTIFIER
control field OkBaRHE
005 - DATE AND TIME OF LATEST TRANSACTION
control field 20100402130823.0
008 - FIXED-LENGTH DATA ELEMENTS--GENERAL INFORMATION
fixed length control field s1976 j 000 0 eng u
040 ## - CATALOGING SOURCE
Transcribing agency
100 1# - MAIN ENTRY--PERSONAL NAME
Personal name Dyet, James T.
245 10 - TITLE STATEMENT
Title Paul Apostle of Steel and Velvet
260 ## - PUBLICATION, DISTRIBUTION, ETC. (IMPRINT)
Place of publication, distribution, etc Denver, CO
Name of publisher, distributor, etc Accent Books
Date of publication, distribution, etc 1976
300 ## - PHYSICAL DESCRIPTION
Extent 127 p
650 ## - SUBJECT ADDED ENTRY--TOPICAL TERM
Topical term or geographic name as entry element Paul, the Apostle, Saint
942 ## - ADDED ENTRY ELEMENTS (KOHA)
Source of classification or shelving scheme
Koha item type Books
Copies
Date acquired Current Location Date last seen Not for loan Total Renewals Damaged status Full call number Total Checkouts Koha item type Lost status Withdrawn status Copy number Price effective from Barcode Shelving location Source of classification or shelving scheme Date checked out Permanent Location
2010-04-14RHEMA Bible Training College2020-11-12 2 BS 2506 .D94 19761Books  12010-04-1421477General Stacks 2020-09-11RHEMA Bible Training College